| 000 | 00851nam a22002297a 4500 | ||
|---|---|---|---|
| 999 |
_c8399 _d8399 |
||
| 003 | AR-CdUCM | ||
| 008 | 190325b ||||| |||| 00| 0 spa d | ||
| 020 | _a978-612-4069-83-3 | ||
| 040 |
_aMUNICIPALIDAD PROVINCIAL DEL CUSCO _cBIBLIOTECA MUNICIPAL DEL CUSCO |
||
| 082 |
_a633 / _bC28 |
||
| 100 |
_aCastro Lizarbe, Roberto _923574 |
||
| 245 |
_aBackus cristal : _bEl burbujeante destape de una historia de sabor y éxito / |
||
| 260 |
_aLima : _bEl comercio, _c2011. |
||
| 300 |
_a187 paginas ; _c22 cm. |
||
| 650 |
_aBackus _923575 |
||
| 650 |
_aCerveza _923576 |
||
| 650 |
_aHistoria _9136 |
||
| 700 |
_aGonzalo Carranza, Bigotti _923577 |
||
| 942 |
_2ddc _cLIBROS |
||
| 945 | _arah | ||